Taylor Swift - Devine la chanson sans indices #57 - Statistiques

Statistiques générales
  • Ce quiz a été pris 286 fois
  • Le résultat moyen est 232 sur 313
Statistiques - réponses
Réponse % Correct
a
99%
A
99%
I
99%
You
97%
you
97%
you,
97%
the
96%
The
96%
an
94%
we
93%
it
92%
your
91%
And
90%
and
90%
me
89%
be
88%
to
88%
Were
88%
were
88%
Who
87%
who
87%
In
86%
in
86%
my
85%
Was
85%
was
85%
what
85%
on
84%
Did
83%
did
83%
of
83%
that
83%
want
83%
you're
83%
don't
82%
for
82%
are
81%
ever
81%
know
81%
but
80%
But
80%
like
80%
man
80%
this
80%
lived?
79%
lived
79%
with
79%
all
78%
by
78%
just
78%
smallest
78%
say,
77%
some
77%
I'll
76%
our
76%
If
75%
could
74%
sleep
74%
someone
74%
They
74%
wanted
74%
mine
73%
why
73%
bed?
72%
dead?
72%
gun
72%
had,
72%
had
72%
'Cause
71%
get
71%
never
71%
any
70%
said
70%
you'll
70%
You'll
70%
fuck
69%
message
69%
underneath
69%
will
69%
back,
68%
sent
68%
Then
68%
true?
67%
book?
66%
"Good
66%
years,
66%
friend
65%
give
65%
guy?
65%
50
64%
at
64%
From
64%
Now
64%
feels
63%
forget
63%
spy?
63%
time
63%
writing
63%
gone
62%
her
62%
won't
62%
confess
61%
died
61%
even
61%
forgive
61%
goal
61%
inside
61%
prison,
61%
riddance"
61%
wasn't
61%
deserve
60%
didn't
60%
friends
60%
Instead,
60%
morning
60%
off
60%
sexy
60%
declassified?
59%
girls
59%
miss
59%
once
59%
party
58%
up
58%
boring
57%
car
57%
forbidden
57%
sins
57%
summer
57%
would've
57%
crashed
56%
normal
56%
sparkling
56%
out
55%
still
55%
buy
54%
ghosted
54%
pills
53%
into
52%
tried
52%
performing
50%
rental
50%
cell
49%
sleeper
49%
come
48%
stage
48%
suit
48%
rusting
46%
eyed
45%
inboxes
45%
lights
45%
measure
45%
through
45%
Witness
44%
queen
43%
starry
43%
wall
43%
bars
42%
slide
42%
treat
42%
kicked
40%
slip
40%
Gazing
38%
hid
38%
plain
37%
sight
37%
Jehovah's
36%
also
35%
ran
35%
showed
35%
public,
33%
push
33%
hung
32%
pins
31%
Stabbed
30%
oblivion
25%
sank
18%
stoned
17%
Aucun quiz correspondant
Distribution des résultats
% des personnes avec chaque résultat
Percentile par nombre de réponses
Votre historique - résultats
Vous n’avez pas pris ce quiz